000 00618nam a2200181Ia 4500
008 090123s9999 xx 000 0 und d
082 _b37333
100 _aकाकोडकर चंद्रकांत कल्याणदास
245 _aसंशय
250 _a2
260 _bसुकृत प्रकाशन
_c2004
300 _a138
600 _aकाकोडकर चंद्रकांत कल्याणदास
630 _aसंशय
700 _aकाकोडकर चंद्रकांत कल्याणदास
730 _aसंशय
942 _cBOOK
999 _c75401
_d75401